000 00351nam a22001457a 4500
003 OSt
008 250521b |||||||| |||| 00| 0 eng d
100 _aPATHIK, Pandit Satyapal
245 _aPathik Ishwar Bhagati Bhajan
250 _a1st
260 _aNew Delhi
_bArya Pathik Prakashan
_c2021
300 _a88
650 _aGeneral
942 _2ddc
_cBK
999 _c13600
_d13600